Guía turística del sistema solar /
Guardado en:
| Autor Principal: | |
|---|---|
| Otros Autores: | , |
| Formato: | Libro |
| Publicado: |
Buenos Aires :
Iamiqué,
2011
|
| Edición: | 2a. reimp. |
| Series: | Destinos Insólitos
|
| Materias: | |
| Etiquetas: |
Agregar Etiqueta
Sin Etiquetas, Sea el primero en etiquetar este registro!
|
| LEADER | 01068nam a22002535a 4500 | ||
|---|---|---|---|
| 001 | CEM.cems013740 | ||
| 005 | 20120806164124.0 | ||
| 008 | 130507s2011##################000#0#####d | ||
| 003 | CEMS | ||
| 020 | |a 9789871217182 | ||
| 082 | 0 | 4 | |a 520 |
| 100 | 1 | |a Ribas, Mariano | |
| 245 | 1 | 0 | |a Guía turística del sistema solar / |c Mariano Ribas y Carla Baredes ; ilustrado Por Javier Basile |
| 250 | |a 2a. reimp. | ||
| 260 | |a Buenos Aires : |b Iamiqué, |c 2011 | ||
| 300 | |a 60 p. | ||
| 490 | 0 | |a Destinos Insólitos | |
| 505 | 0 | |a Con el formato de guía turística, el libro realiza una descripción original y divertida de cada uno de los planetas del Sistema Solar. Cada visita concluye con un listado de las principales características del planeta, una rese;a de las misiones espaciales que lo visitaron y los sitios web que actualizan la información día a día | |
| 653 | |a Astronomía | ||
| 653 | |a Sistema solar | ||
| 653 | |a Ciencias naturales | ||
| 700 | 1 | |a Baredes, Carla | |
| 700 | 1 | |a Basile, Javier ; il. | |
| 859 | |a CEMS |b BIB. CEMS - 11 de abril |h 520 |i R352 |p 26473.12 |t Ej.1 | ||
